000 01227cad a22002295a 4500
001 L139485
008 110516s2007 xxk f 000 0 eng d
035 _a(Sirsi) u139485
041 0 _aeng
050 0 4 _a711.1 $2 18
110 2 _aCommission for Architecture and the Built Environment
_94058
245 0 0 _aGuidance on tall buildings
_bJuly 2007
_h[electronic resource]
260 _aLondon
_bCABE
_c2007
520 _aThis updated and government endorsed guidance explains how CABE and English Heritage evaluate planning applications for tall buildings. Provides good practice advice in this area, and covers planning policy, planning applications, criteria for evaluation, and protection of design quality. Local planning authorities are recommended to use the guidance to inform their policy making.
590 _aKA
651 4 _aEngland
_y886-
690 _aBUILT ENVIRONMENT-BUILDING TYPES-TALL BUILDINGS
690 _aPlanning and development
_96259
710 2 _aEnglish Heritage
_92714
856 4 0 _u
_http://webarchive.nationalarchives.gov.uk/20110118095356/http://www.cabe.org.uk/files/guidance-on-tall-buildings.pdfzView the guidance free of charge at http://webarchive.nationalarchives.gov.uk
942 _n0
999 _c107307
_d107307